know your elemental heros, a yugioh quiz - Statistics

General Stats
  • This quiz has been taken 683 times
  • The average score is 17 of 59
Answer Stats
Hint Answer % Correct
basic hero from space elemental hero neos
85%
can be special summoned if there are no cards on the field, if no cards in hand draw 2 elemental hero bubbleman
80%
basic earth elemental hero elemental hero clayman
73%
"my favorite monster" -jaden elemental hero flame wingman
64%
basic light elemental hero elemental hero sparkman
63%
unaffected by traps elemental hero wildheart
55%
causes pierce damage elemental hero bladedge
50%
can destroy an opponents monster that is equal to or under its atk at the cost of discard elemental hero thunder giant
41%
destroys all monsters upon leaving the field elemental hero absolute zero
37%
gains 200 per hero on the field, pyro type hero elemental hero heat
37%
3000 defence elemental hero mudballman
37%
the only dark effect monster hero elemental hero necroshade
35%
can destroy spell/traps depending on the number of heros on the field, and can add a hero to the hand elemental hero stratos
35%
destroys all spell and trap cards once per turn elemental hero storm neos
34%
gains atk for lp difference elemental hero air neos
31%
discard one card to destroy cards in opponents hand elemental hero aqua neos
31%
requires one fire water earth and wind hero to summon elemental hero electrum
31%
deals 200 per hero on the field, pyro type elemental hero lady heat
31%
add skyscraper to hand upon discard elemental hero captian gold
30%
adds one hero from the field to the hand during your standby elemental hero ocean
29%
adds polymerization/fusion to hand during standby elemental hero woodsman
29%
can negate the effect of any one monster on the field elemental hero dark neos
28%
can make one monster indestructible once per either players turn elemental hero tempest
28%
gains 400 atk per spell/trap on the field elemental hero flare neos
27%
if your opponent controls no monsters, you can attack at half atk while in defense position elemental hero rampart blaster
27%
pierce, can atk all monster once, but not directly when it does elemental hero wildedge
27%
takes half the atk of any opponents monster when summoned elemental hero gaia
25%
needs five fusion material elemental hero divine neos
24%
returns any one monster to the hand elemental hero grand neos
24%
if you control set cards, it can attack directly elemental hero mariner
23%
destroys the monster it battles, summoned via metamorphisis elemental hero neo bubbleman
23%
cannot be destroyed by battle elemental hero phoenix enforcer
23%
gains 100 per hero in the grave, deals atk of destroyed monster to opponent elemental hero shining flame wingman
23%
basic wind elemental hero elemental hero avain
22%
can destroy any one card on the opponents side, gains effect based on type elemental hero glow neos
22%
can take the name of any other card listed on a fusion monster elemental hero prisma
22%
gains 400 atk per card on field, returns all cards to hand when leaves the field elemental hero magma neos
20%
a copy of the space hero elemental hero neos alius
20%
flip three coins and apply effect upon number of heads elemental hero chaos neos
19%
halves the atk of all opponents monsters when summoned elemental hero great tornado
19%
when it destroys a monster, you gain lp based on the destroyed monster's atk elemental hero steam healer
19%
gains 300 atk per removed from play hero elemental hero the shining
18%
causes pierce, when destroyed, destroy one monster opponent controls elemental hero darkbright
17%
gains 1000 when battling a water monster elemental hero inferno
17%
can tribute a hero to gain its atk elemental hero terra firma
17%
the only thunder type hero elemental hero voltic
17%
can attack twice but deals no battle damage elemental hero neos knight
16%
gains 100 per hero in the grave, cannot be destroyed by battle elemental hero shining phoenix enforcer
16%
a monster that can make loop attacks, summoning the opponents monsters to their field after destroying them elemental hero necroid shaman
15%
when it destroys a monster you can draw elemental hero nova master
15%
pierce, can destroy monsters upon discard elemental hero plasma vice
15%
generic hero, requires dark attribute elemental hero escuridao
14%
you can banish it and three other heros to get a spell from the grave elemental hero flash
14%
can attack directly upon discard, then destroys spell/trap if connects elemental hero ice edge
14%
can destroy a spell/trap if damage is dealt elemental hero wild wingman
14%
basic fire elemental hero elemental hero burstinatrix
13%
allows direct attack elemental hero knospe
12%
requires a spell and 1 specific hero to summon elemental hero poison rose
12%
that one neos that shouldnt exist elemental hero marine neos
11%
No matching quizzes found
Score Distribution
Percent of People with Each Score
Percentile by Number Answered
Your Score History
You have not taken this quiz